Oceňovanie vnútropodnikových výkonov diplomová práca

Enregistré dans:
Détails bibliographiques
Auteur principal: Kaiserová, Kristína
Collectivité auteur: Fakulta podnikového manažmentu EU. Katedra podnikovohospodárska
Autres auteurs: Tóth, Miroslav, 1961-
Format: Livre
Langue:slovaque
Publié: Bratislava 2022
Tags: Ajouter un tag
Pas de tags, Soyez le premier à ajouter un tag!

MARC

LEADER 00000nbm a2200000 4500
001 0285366
005 20230216095856.0
041 0 |a slo 
044 |a SK 
245 1 0 |a Oceňovanie vnútropodnikových výkonov  |b diplomová práca  |c Kristína Kaiserová ; školiteľ: Miroslav Tóth 
264 1 |a Bratislava  |c 2022 
300 |a 66 s. 
100 1 |a Kaiserová, Kristína 
700 1 |a Tóth, Miroslav, 1961- 
710 2 |a Fakulta podnikového manažmentu EU. Katedra podnikovohospodárska